• 首页
  • 本馆介绍
  • 公告通知
  • 最新文献
  • 馆藏检索
  • 电子资源
  • 读者导购
  • 参考咨询
  • 我的图书馆
  • 登录
  • 详细信息显示
  • 放入我的书架
  • 预约/预借图书
  • 作者相关作品
  • 分类相关作品
  • 丛书相关作品
  • 出版社相关作品

书目信息

  • 表格格式
  • 工作单格式
  • 卡片格式
题名:
插花创作与欣赏
    
 
作者: 居丽 , 刁慧琴 编著
分册:  
出版信息: 上海   上海科学技术出版社  2000
页数: 155页
开本: 20cm
丛书名: 生活情趣丛书
单 册:
中图分类: J525.1
科图分类:
主题词: 室内装饰--装饰美术--中国
电子资源:
ISBN: 7-5323-5711-2
000 00701nam0 2200241 450
001 0555224703
005 20051027152624.84
010    @a7-5323-5711-2@dCNY33.00
092    @aCN
100    @a20051027d2000 km y0chiy0120 ea
101 0  @achi
102    @aCN@b310000
200 1  @a插花创作与欣赏@Acha hua chuang zuo yu xin shang@f居丽,刁慧琴编著@Fju li,diao hui qin bian zhu
210    @a上海@c上海科学技术出版社@d2000
215 1  @a155页@d20cm
225    @a生活情趣丛书
410  0 @12001 @a生活情趣丛书
606 0  @a室内装饰@x装饰美术@y中国
690    @aJ525.1@v4
701  0 @a居丽@Aju li@4编著
701  0 @a刁慧琴@Adiao hui qin@4编著
801  0 @aCN@bPFT@c20051027
905    @a10447@dJ525.1@e127
    
    插花创作与欣赏/居丽,刁慧琴编著.-上海:上海科学技术出版社,2000
    155页;20cm.-(生活情趣丛书)
    
    
    ISBN 7-5323-5711-2:CNY33.00
    
●
相关链接 在E读中查询图书 在五车中查询图书 在当当中查询图书 在豆瓣中查询图书


正题名:插花创作与欣赏     索取号:J525.1/127         预约/预借

序号 登录号 条形码 馆藏地/架位号 状态 备注
1 0337043   203370431   第一样本阅览室/ [索取号:J525.1/127] 在馆    
2 0337044   203370440   第一借阅区/ [索取号:J525.1/127] 在馆    
3 0337045   203370459   第一借阅区/ [索取号:J525.1/127] 在馆    
4 0337046   203370468   第一借阅区/ [索取号:J525.1/127] 在馆    
5 0337047   203370477   第一借阅区/ [索取号:J525.1/127] 在馆    
唐山师范学院图书馆 欢迎您!
大连网信软件有限公司© 版权所有